Responses for show #7820 - Friday, September 14, 2018

Kyle Jones game 3.

Contestants

Andrew Lundy, a digital journalist from Burlington, Ontario, Canada

Riley Westmoreland, a college admission officer from Birmingham, Alabama

Kyle Jones, a music teacher from Aurora, Colorado (whose 2-day cash winnings total $38,000)

Jeopardy! Round responses

TV GUIDE MAGAZINE 65th ANNIVERSARY
MULTI-WORD CAPITAL CITIES
NONFICTION
FOREIGN PHRASEBOOK
SWEET SOMETHINGS
CAN YOU HEAR ME?
    $200 6
Lucille Ball

Andrew
    $200 1
Costa Rica

Kyle
    $200 21
(Meghan) Markle

Kyle
    $200 16
muy bien

Kyle
    $200 30
honey

Andrew
    $200 11
Sprint

Kyle
    $400 7
Little House on the Prairie

Andrew
    $400 2
Addis Ababa

Kyle
    $400 22
Ripley

Riley
    $400 17
God is great

Kyle
    $400 29
flan

Kyle
    $400 12
bone

Triple Stumper
    $600 8
Sam and Diane

Kyle
    $600 3
Kuala Lumpur

Andrew
    $600 23
Joe Biden

Riley
    $600 18
the train station

Triple Stumper
    $600 28
Swedish Fish

Kyle
    $600 13
Joan of Arc

Andrew
    $800 9
ER

Kyle
    $1,000 4
Phnom Penh

Andrew
    $800 24
(Alex: With less than a minute to go now.)

12 Years a Slave

Andrew
    $800 19
comme ci, comme ├ža

Andrew
    $800 27
cupcakes

Kyle
    $800 14
(Andrew: What is a bell?)

decibel

KyleAndrew
    $1000 10
The Americans

Kyle
    $1000 5
Grenada

Andrew
    $1000 25
the Biltmore

Riley
    $1000 20
meatballs

Triple Stumper
    $1000 26
confectioner's sugar

Kyle
    $1000 15
Bose

Kyle

Scores at the first commercial break (after clue 15):

Kyle Riley Andrew
$5,000 $0 $3,000

Scores at the end of the Jeopardy! Round:

Kyle Riley Andrew
$8,600 $2,000 $4,800

Double Jeopardy! Round responses

1973: THE GROOVY & NOT-SO-GROOVY
LIVE ENTERTAINMENT
DOUBLE ANIMAL NAMES
MARK TWAIN REALLY SAID IT
OFFBEAT MUSEUMS
IN OVATION
(Alex: Each correct response will be made up of some of the letters in the word "ovation".)
    $400 2
Watergate

Andrew
    $400 1
Penn & Teller

Andrew
    $400 9
a sheepdog

Riley
    $400 21
right or wrong

Andrew
    $400 26
Prague

Kyle
    $400 16
via

Kyle
    $3,000 3
(Andrew: Who was Eisenhower?)

LBJ

Andrew
    $800 6
the Second City

Riley
    $800 10
a catfish

Kyle
    $800 22
Washington

Kyle
    $800 27
PEZ

Kyle
    $800 17
vain

Kyle
    $1200 4
the Mets

Andrew
    $1200 7
(Riley: Ooh. Uh, what is "The Love Boat"?)
...
(Alex: That's it, as a total eclipse was occurring at the moment.)

"Total Eclipse Of The Heart"

RileyAndrew
    $1200 11
(Riley: What is a tiger shark?)

a leopard shark

RileyAndrew
    $1200 23
a dentist

Kyle
    $1200 28
glaciers

Riley
    $1200 18
toon

Kyle
    $1600 5
Toronto

Riley
    $1,000 14
the Monterey Jazz Festival

Kyle
    $1600 12
a rodent

Kyle
    $1600 24
an elephant

Kyle
    $1600 29
Amsterdam

Kyle
    $1600 19
a vat

Andrew
    $2000 8
Getty

Andrew
    $2000 15
(Riley: What are the Chinese acrobats?)

Shen Yun

Riley
Triple Stumper
    $2000 13
(Andrew: What's a snow crab?)
(Riley: What's a king crab?)

a spider crab

RileyAndrew
Triple Stumper
    $2000 25
(Alex: One category still in play with a minute to go.)

Ambrose Bierce

Triple Stumper
    $2000 30
Purgatory

Andrew
    $2000 20
Aton

Triple Stumper

Scores at the end of the Double Jeopardy! Round:

Kyle Riley Andrew
$20,800 -$400 $10,200
(lock game)

[wagering suggestions for these scores]

Final Jeopardy! Round responses

SPORTS HALLS OF FAME
(Alex: [To Kyle] Yes, the axel jump, named for Axel Paulsen.)
AndrewWhat is Formula 1 racing
$200
KyleWhat is Figure Skating?
$0
figure skating

Final scores:

Kyle Riley Andrew
$20,800 -$400 $10,000
3-day champion: $58,800 3rd place: $1,000 2nd place: $2,000

Game dynamics:

Coryat scores:

Kyle Riley Andrew
$21,400 -$400 $13,000
27 R
(including 1 DD),
0 W
7 R,
4 W
18 R
(including 1 DD),
3 W
(including 1 DD)

Combined Coryat: $34,000

The J! Archive is created by fans, for fans. The Jeopardy! game show and all elements thereof, including but not limited to copyright and trademark thereto, are the property of Jeopardy Productions, Inc. and are protected under law. This website is not affiliated with, sponsored by, or operated by Jeopardy Productions, Inc. Join the discussion at JBoard.tv.